000 00705nam a2200205Ia 4500
003 GCL
005 20240530102833.0
008 140319s9999 xx 000 0 ara d
040 _aGCL /
_cGCL
082 0 4 _a962.0352
_bق/ص ث
100 1 _aصلاح عيسى
245 1 0 _aالثورة العرابية /
_cصلاح عيسى
250 _aط1
260 _aبيروت :
_bالمؤسسة العربية للدراسات والنشر ،
_c1972
300 _a503 ص ؛
_c24 سم
650 0 4 _aمصر
_vتاريخ
_xالعصر الحديث
650 0 4 _aالاحتلال البريطانى
650 0 4 _aمصر - تاريخ - العصر الحديث - الثورة العرابية
942 _2ddc
_cBK
999 _c34887
_d34887